Účtovníctvo zbierka príkladov B

Na minha lista:
Detalhes bibliográficos
Autor principal: Kovalčíková, Antónia
Autor Corporativo: Ekonomická univerzita v Bratislave
Outros Autores: Juhászová, Zuzana, 1970-, Kadlečíková, Oľga, 1973-, Krasňanská, Jarmila, Juríková, Renáta, Neuvirthová, Renáta, Kordošová, Alena, 1970-
Formato: Livro
Idioma:eslovaco
Publicado em: Bratislava IURA EDITION 2002
Edição:2. preprac. a dopln. vyd.
Colecção:Ekonómia
Assuntos:
Tags: Adicionar Tag
Sem tags, seja o primeiro a adicionar uma tag!

MARC

LEADER 00000nam a2200000 4500
001 c132705
005 20240502071321.8
020 |a 80-89047-29-7 
041 0 |a slo 
044 |a SK 
245 1 0 |a Účtovníctvo  |b zbierka príkladov B  |c Antónia Kovalčíková a kolektív 
250 |a 2. preprac. a dopln. vyd. 
264 1 |a Bratislava  |b IURA EDITION  |c 2002 
300 |a 198 s. 
490 1 |a Ekonómia 
830 0 |a Ekonómia 
610 2 0 |a účtovníctvo 
610 2 0 |a metódy účtovné 
610 2 0 |a evidencia účtovná 
610 2 0 |a osnova účtová 
610 2 0 |a vzťahy zúčtovacie 
610 2 0 |a majetok hmotný 
610 2 0 |a majetok nehmotný 
610 2 0 |a majetok finančný 
610 2 0 |a investície 
610 2 0 |a imanie 
610 2 0 |a prostriedky peňažné 
610 2 0 |a zmenky 
610 2 0 |a materiál 
610 2 0 |a náklady 
610 2 0 |a výnosy 
610 2 0 |a zásoby 
610 2 0 |a Slovensko 
100 1 |a Kovalčíková, Antónia 
700 1 |a Juhászová, Zuzana, 1970- 
700 1 |a Kadlečíková, Oľga, 1973- 
700 1 |a Krasňanská, Jarmila 
700 1 |a Juríková, Renáta 
700 1 |a Neuvirthová, Renáta 
700 1 |a Kordošová, Alena, 1970- 
710 2 |a Ekonomická univerzita v Bratislave